تحميل...
Ideas in History
| المؤلف الرئيسي: | |
|---|---|
| التنسيق: | Printed Book |
| منشور في: |
Bombay;
Asia Publishing House;
1968
|
| الموضوعات: |
| LEADER | 00460nam a22001337a 4500 | ||
|---|---|---|---|
| 082 | |a 909 |b BIS/I K8 | ||
| 100 | |a Bisheshwar prasad |9 309323 | ||
| 245 | |a Ideas in History | ||
| 260 | |a Bombay; |b Asia Publishing House; |c 1968 | ||
| 300 | |a 350p. | ||
| 650 | |a English; World History |9 238366 | ||
| 942 | |c BK | ||
| 999 | |c 66036 |d 66036 | ||
| 952 | |0 0 |1 0 |4 0 |6 909_000000000000000_BIS_I_K8 |7 0 |8 WH |9 78727 |a MAL |b MAL |d 2016-10-25 |e 10062B |l 0 |o 909 BIS/I K8 |p MAL010062B |r 2016-10-25 |t 1 |w 2016-10-25 |y BK | ||